| 000 | 00379nam a22001937a 4500 | ||
|---|---|---|---|
| 001 | 1935 | ||
| 003 | 0 | ||
| 005 | 20260410060208.0 | ||
| 008 | 0 | ||
| 027 | _q020.5 | ||
| 040 | _c0 | ||
| 100 | _aSR rangnathan | ||
| 245 | _aLibrary science | ||
| 250 | _a2 Edison | ||
| 260 |
_aHyderabad _bGopi publisher _c2026 |
||
| 300 |
_a250 _c20 |
||
| 650 | _aTelugu. | ||
| 942 |
_2ddc _cBOOK _n0 |
||
| 999 |
_c1935 _d1935 |
||